LEADER 00859nam a2200181 i 4500 001 000000026020 003 CaOOAMICUS 005 20180830125447.0 008 180830s1973 it u000 u ita u 040 $aSeMil$bita 245 12$aI primordi della civiltà fiorentina. 300 $a3 v. 700 1 $aDavidsohn, Robert.$0(OLS)http://semarc/name/11581 773 0 $aDavidsohn, Robert$tStoria di Firenze.$dFirenze : Sansoni, copyr. 1972-copyr. 1973.$w()26018 774 0 $tImpulsi interni, influssi esterni e cultura politica.$kSuperbiblioteca Sansoni$gParte1$w()209462 774 0 $tMondo della chiesa, spiritualità ed arte, vita pubblica e privata.$kSuperbiblioteca Sansoni$gParte3$w()209463 774 0 $tIndustria, arti, commercio e finanze.$kSuperbiblioteca Sansoni$gParte2$w()209464 996 $6245$aI primordi della civiltà fiorentina$9(OLS)http://semarc/title/35085 LEADER 01002nam a2200241 i 4500 001 000000051372 003 CaOOAMICUS 005 20080823000000.0 008 080823s1954 xx u000 u fre u 013 $a22544 040 $aSeMil$bita 100 1 $aBalthasar, Hans Urs : von,$c.$0(OLS)http://semarc/name/881 245 13$aLe chrétien Bernanos /$cHans Urs von Balthasar ; traduit de l'allemand par Maurice de Gandillac. 260 $aParis :$bEd. du Seuil,$c1954. 300 $a572 p. ;$c20 cm. 500 $aContiene : Bibliographie. 600 14$aBernanos, Georges <1888-1948>.$0(OLS)http://semarc/subject/5594 700 1 $aGandillac, Maurice : de,$d<1906-2006>.$0(OLS)http://semarc/name/25413 850 $aSeMil 852 $aSeMil$W1$xVenegono$y1$m1W V 58$j17527$B17527$CSeMilBibl$Z2$F17528 $81 961 $aOmaggio: Donazione 996 $6245$aLe chrétien Bernanos$9(OLS)http://semarc/title/78652 996 $6260$aParis :$bEd. du Seuil$9(OLS)http://semarc/publisher/30152